000 01033nam a2200265Ia 4500
001 10550
003 GE_BSU
008 181216s||||||||xx |||||||||||||| ||und||
020 _a9789941011917
040 _cGE_BSU
080 _a336.74(075.8)
100 _aბახტაძე,ლელა;კაკულია,რევაზ;კანდელაკიშვილი,ლაშა
245 _aთანამედროვე ფული და ფულის მიმოქცევა
245 _bსახელმძღვ.
245 _cრედ.რევაზ კაკულია
260 _aთბილისი
260 _bეროვნული მწერლობის" სტ.
260 _c2010
300 _a320გვ.20სმ.
300 _eბიბლიოგრ. გვ. 315-316
541 _h22ლ.50თ.
653 _aეკონომიკა
653 _aთანამედროვე ფული და ფულის მიმოქცევა
942 _cBK
999 _c43805
_d43805